00547nam a2200181Ia 4500008004100000020001400041040001900055041001200074082002800086100001700114245009200131260003400223300002300257504001900280650001500299651002700314700002400341131103s9999 xx 000 0 und d a571095194 aLoreto College aEnglish a808.88/AUDbLCLIB/24463 aAuden, W. H. 4aThe Faber book of aphorismsb a personal selection cW. H. Auden and Louis Kronenberger aLondonbFaber and Faberc1974 ax,405 p. c 19 cm. aIncludes index aLiterature aMiscellaneous Writings aKronenberger, Louis